000 00264nam a22001217a 4500
003 SGT
082 _a616.89
_bC08B
100 _aBYRNE, PETER
245 _aCLINICAL CASES UNCOVERED PSYCHIATRY
260 _aBALEK
_bWILEY
_c2008
300 _a230
942 _2ddc
_cBK
999 _c14860
_d14860